Normal view
MARC view
Entry Personal Name
001 - CONTROL NUMBER
- control field: 25272
003 - CONTROL NUMBER IDENTIFIER
- control field: OSt
005 - DATE AND TIME OF LATEST TRANSACTION
- control field: 20230606095608.0
008 - FIXED-LENGTH DATA ELEMENTS
- fixed length control field: 230606|| aca||aabn | a|a d
040 ## - CATALOGING SOURCE
- Original cataloging agency: OSt
- Transcribing agency: OSt
100 ## - HEADING--PERSONAL NAME
- Personal name: သူၺ်ႇၵျွင်း မူၸ်ေ၊ မၼ်းတလ်ေး၊
- Titles and other words associated with a name: လုင်း။
670 ## - SOURCE DATA FOUND
- Source citation: Work cat.: (OSt): သူၺ်ႇၵျွင်း မူၸ်ေ၊ မၼ်းတလ်ေး၊ လုင်း။, တြႃးရုပ်ၼၢမ်ႇ /, 1979 ။